000 00657nam a2200217 i 4500
001 49940
003 ES-MaACL
005 20240510063039.0
007 t|
008 030725s1964 sp ||||1| spa d
100 1 _aCrespo, Ángel,
_d1926-1995
_941513
245 1 0 _aCartas desde un pozo
_b: (1957-1963) /
_cAngel Crespo.
250 _a[1ª ed.].
260 _aSantander :
_bLa Isla de los Ratones,
_c1964.
300 _a72 p. ;
_c17 cm.
490 1 _aColección "Poetas de Hoy" ;
_v37
_9189058
830 _aColección "Poetas de Hoy" ;
_v37
_9189058
852 _aES-MaACL
_jC-26118
_bR.54363
942 _2udc
999 _c49940
_d49940